000 00301nam a22001337a 4500
008 170605b xxu||||| |||| 00| 0 eng d
020 _a9780802841957
041 _aeng
080 _a94(4)
100 _a18
101 _aSHH
245 _aHANDBOOK EUROPEAN HISTORY
_cBRADY.TH.A
942 _2udc
_cBK
999 _c15879
_d15879